Statistics for 200 Most Popular Girls Names in Quebec (2019)

Click here to take the quiz!

General Stats

  • This quiz has been taken 512 times
  • The average score is 67 of 200

Answer Stats

Answer% Correct
1OOlivia
89%
158AAnne
83%
2EEmma
81%
69EEmy
80%
13RRose
75%
15ZZoe
74%
128ZZoey
74%
5CCharlotte
73%
6LLea
73%
156LLeah
73%
47AAnna
72%
93EEmilie
71%
137EEmily
71%
160LLara
70%
54LLaura
70%
115MMaria
69%
99SSara
67%
32SSarah
67%
3AAlice
66%
7FFlorence
66%
12CChloe
65%
43LLily
63%
30AAmelia
60%
195AAmelya
60%
122EEmilia
60%
27JJulia
60%
48SSophie
59%
61EElisabeth
58%
28EElizabeth
58%
70EEve
58%
22SSofia
57%
31SSophia
57%
17EEva
55%
100LLou
55%
16JJuliette
54%
14VVictoria
54%
11CClara
53%
34AAlicia
52%
140AAlycia
52%
134AAmelie
51%
18MMia
51%
9RRosalie
51%
170AAlexandra
50%
29CCamille
50%
41GGabrielle
50%
4CCharlie
48%
94AAria
47%
141AArya
47%
198EElia
46%
89MMarianne
46%
126MMarion
46%
10BBeatrice
44%
183LLucie
44%
20JJade
43%
112AAlexie
42%
45AAnnabelle
42%
33JJeanne
42%
191LLouise
42%
40JJasmine
40%
143MMegan
40%
80MMegane
40%
117RRachel
40%
196AAmy
39%
49EEleonore
39%
120EElie
38%
97EElla
38%
62EEllie
38%
154AAva
37%
174EEvelyn
37%
60EEvelyne
37%
36LLaurence
37%
163RRosie
37%
67LLaurie
36%
53MMaya
36%
110MMya
36%
155AAbigael
34%
78AAbigaelle
34%
102AAbigail
34%
194AAbygael
34%
90AAbygaelle
34%
136CClaire
34%
76EEloise
34%
186AAudrey
33%
52CCoralie
33%
101IIsabella
33%
71JJustine
33%
106MMadison
32%
147MMadyson
32%
21MMila
32%
55NNoemie
31%
46EElodie
30%
129AAriane
29%
104LLayla
29%
131LLeila
29%
86LRLily-Rose
29%
133LLuna
29%
59MMathilde
29%
121NNaomi
29%
123NNaomie
29%
56OOceane
29%
175OOceanne
29%
38OOphelie
29%
127VViolette
29%
105AAlyson
28%
187EElise
28%
145GGabriella
28%
87AAlyssa
27%
197CCamila
27%
39EElena
27%
177HHannah
27%
162LLydia
27%
179MMaude
27%
150NNora
27%
169NNorah
27%
157RRafaelle
27%
23RRaphaelle
27%
50AAurelie
25%
172FFlora
25%
98LLeane
25%
58LLeanne
25%
8LLivia
25%
74LLyvia
25%
114MMadeleine
25%
44MMaelie
25%
85MMaely
25%
108AAriel
24%
66AArielle
24%
103EREmma-Rose
24%
152JJulianne
24%
82KKayla
24%
109LLena
24%
116OOphelia
24%
79AAlexia
23%
63MMelodie
23%
149MMelody
23%
84YYasmine
23%
199KKelly
22%
64SStella
22%
51AAbby
21%
35AAdele
21%
180DDaphne
21%
130DDaphnee
21%
25LLeonie
21%
111PPenelope
21%
68LLina
20%
132RRomie
20%
19RRomy
20%
57AAnais
19%
96CClemence
19%
42SSimone
19%
178IIris
18%
185AAshley
17%
182LLeana
17%
88LRLea-Rose
17%
146LLiana
17%
192LLyana
17%
161LLyanna
17%
92MMargot
17%
148MMaxim
17%
165MMaxime
17%
72EEliane
16%
24FFlavie
16%
151FFrederique
16%
37LLexie
16%
113MMarguerite
16%
73DDelphine
15%
142EEliana
15%
81EEstelle
15%
138IIvy
15%
26MMaeva
15%
91MMagalie
15%
65RRomane
14%
139AAdaline
13%
164MMarilou
13%
166TThea
13%
184MMaryam
12%
173AAnastasia
11%
188HHailey
11%
181IInes
11%
125MMaelle
11%
159CCeleste
10%
144CConstance
10%
168EREva-Rose
10%
200LLouane
10%
95MMaika
10%
193VValentina
10%
75AAgathe
9%
77BBillie
9%
118BBlanche
8%
124DDahlia
8%
119AAthena
7%
135AAya
7%
171AAlyssia
6%
153AAnaelle
6%
167NNour
6%
107LLauralie
5%
176AAdelie
4%
189JJana
4%
83NNoelie
3%
190KKenza
2%

Score Distribution

Percentile by Number Answered

Percent of People with Each Score

Your Score History

You have not taken this quiz